Dietrich Bonhoeffer (Record no. 97990)

MARC details
000 -LEADER
campo de control de longitud fija 00611nam a2200193 i 4500
001 - NÚMERO DE CONTROL
campo de control 97990
003 - IDENTIFICADOR DE NÚMERO DE CONTROL
campo de control ES-MaACL
005 - FECHA Y HORA DE LA ÚLTIMA TRANSACCIÓN
campo de control 20251222184441.0
007 - CAMPO FIJO DE DESCRIPCIÓN FÍSICA--INFORMACIÓN GENERAL
campo de control de longitud fija t|
008 - DATOS DE LONGITUD FIJA--INFORMACIÓN GENERAL
campo de control de longitud fija 050721s1968 sp ||||1| spa d
100 1# - ENTRADA PRINCIPAL--NOMBRE DE PERSONA
Nombre de persona Marlé, René.
9 (RLIN) 76933
245 10 - MENCIÓN DEL TÍTULO
Título Dietrich Bonhoeffer
Resto del título : testigo de Jesucristo entre sus hermanos /
Mención de responsabilidad, etc. René Marlé; [versión española por A. Morales].
260 ## - PUBLICACIÓN, DISTRIBUCIÓN, ETC.
Lugar de publicación, distribución, etc. Bilbao :
Nombre del editor, distribuidor, etc. Mensajero,
Fecha de publicación, distribución, etc. 1968.
300 ## - DESCRIPCIÓN FÍSICA
Extensión 222 p. ;
Dimensiones 19 cm.
600 14 - PUNTO DE ACCESO ADICIONAL DE MATERIA--NOMBRE DE PERSONA
Nombre de persona Bonhoeffer, Dietrich,
Fechas asociadas al nombre 1906-1945
9 (RLIN) 30163
700 1# - ENTRADA AGREGADA--NOMBRE PERSONAL
Nombre de persona Morales, A.
9 (RLIN) 82969
852 ## - LOCALIZACIÓN
Ubicación ES-MaACL
Número de control de estantería C-51456
Sublocalización o colección R.66701
Holdings
Estatus retirado Estado de pérdida Estado de daño No para préstamo Biblioteca de origen Biblioteca actual Ubicación en estantería Fecha de adquisición Fuente de adquisición Total de préstamos Signatura topográfica completa Código de barras Visto por última vez Precio de reemplazo Tipo de ítem Koha
        Biblioteca del Ateneo de Madrid Biblioteca del Ateneo de Madrid Depósito 2 17/01/2008     C-51456 1102293 23/02/2023 23/02/2023 Libro impreso